00429nam a2200145Ia 4500003000400000008004100004040001600045082001600061100001900077245009900096260003400195300001000229650001800239650002600257GCL140319s9999 xx 000 0 eng d aGCL / cGCL04a305.55bV N1 aVIDICH, ARTHUR10aTHE NEW MIDDLE CLASSES:LILE STYLIS, STATUS CLAMIS ANDPOLITICAL ORIENTATIONS / cVIDICH, ARTHUR a[S.N] : bMACMILLAN ، c1995 a405.P04aUNITED STATES04aPSYCHOLOGICAL ASPECTS